Normal view
MARC view
Entry Topical Term
001 - CONTROL NUMBER
- control field: 25518
003 - CONTROL NUMBER IDENTIFIER
- control field: ARRUPE
005 - DATE AND TIME OF LATEST TRANSACTION
- control field: 20160826121702.0
008 - FIXED-LENGTH DATA ELEMENTS
- fixed length control field: 160826|| aca||aabn | a|a d
040 ## - CATALOGING SOURCE
- Original cataloging agency: ARRUPE
- Transcribing agency: ARRUPE
150 ## - HEADING--TOPICAL TERM
- Topical term or geographic name as entry element: Theology, Doctrinal.
670 ## - SOURCE DATA FOUND
- Source citation: Work cat.: (ARRUPE)0: Migliore, Daniel L., 1935- 25517, Faith seeking understanding :, 2004.